[Event "EU-chT Seniors 02nd"]
[Site "Dresden"]
[Date "2000.03.01"]
[Round "1.4"]
[White "Niedermayr, Horst"]
[Black "Mann, Dieter"]
[Result "1-0"]
[WhiteElo "2208"]
[BlackElo "1852"]
[EventDate "2000.03.01"]
[PlyCount "99"]

1.e4 c6 2.d3 d5 3.Nd2 dxe4 4.dxe4 Nd7 5.Ngf3 e6 6.Bc4 Ngf6 7.O-O Be7 8.e5 
Nd5 9.Re1 N5b6 10.Qe2 Qc7 11.Nb3 Nd5 12.a3 Nc5 13.Nxc5 Bxc5 14.b4 Be7 15.
Bd2 Bd7 16.Bd3 c5 17.c4 Nb6 18.b5 O-O-O 19.a4 Kb8 20.a5 Na8 21.b6 Qc8 22.
bxa7+ Kxa7 23.Be4 Bc6 24.Reb1 Rd7 25.Bc3 Rhd8 26.h3 Qc7 27.Ra2 Rc8 28.Bxc6
Qxc6 29.Rb5 Rdc7 30.Rb6 Qd7 31.Rb1 Rd8 32.Qb2 Rc6 33.Bd2 Ra6 34.Be3 Qc6 
35.Nd2 Rd7 36.Nb3 Rc7 37.Qc2 g6 38.Rab2 Qd7 39.Ra2 Rcc6 40.Qe4 Rc7 41.Qc2 
Kb8 42.Nd2 Qc6 43.Ne4 Rd7 44.Rb5 b6 45.Nxc5 Bxc5 46.Bxc5 Kc8 47.Bd6 Rb7 
48.axb6 Rbxb6 49.Rxa6 Rxa6 50.Rc5 1-0

[Event "EU-chT Seniors 02nd"]
[Site "Dresden"]
[Date "2000.03.03"]
[Round "3.4"]
[White "Niedermayr, Horst"]
[Black "Neese, Hans Joachim"]
[Result "0-1"]
[WhiteElo "2208"]
[BlackElo "2165"]
[EventDate "2000.03.01"]
[PlyCount "116"]

1.e4 c5 2.Nf3 d6 3.c3 Nc6 4.d4 Nf6 5.d5 Nb8 6.Be2 Nbd7 7.Nbd2 g6 8.a4 Bg7 
9.O-O O-O 10.Re1 Rb8 11.Bf1 b6 12.Ra3 a6 13.Nc4 Ng4 14.Bf4 Qc7 15.h3 Nge5 
16.Nfxe5 Nxe5 17.Qd2 Nxc4 18.Bxc4 b5 19.axb5 axb5 20.Bf1 b4 21.Ra2 bxc3 
22.bxc3 Rb3 23.Rc1 Rd8 24.Bc4 Rb6 25.Rca1 Bd7 26.Bh6 Be5 27.f4 Bh8 28.Bg5 
Be8 29.Ra8 Rb7 30.Kh2 Bg7 31.Rxd8 Qxd8 32.Bh4 h6 33.Bg3 Qb8 34.Qe3 Bd7 35.
Ra2 Rb2 36.Rxb2 Qxb2 37.e5 Bf5 38.Kh1 Qb1+ 39.Kh2 Qc2 40.Be2 Qe4 41.Qxe4 
Bxe4 42.c4 Kf8 43.exd6 exd6 44.f5 Ke7 45.fxg6 fxg6 46.Kg1 Bd4+ 47.Kf1 g5 
48.h4 Be3 49.hxg5 hxg5 50.Bf3 Bd3+ 51.Be2 Bf5 52.Bh5 Bf4 53.Bxf4 gxf4 54.
Ke2 Kf6 55.Kd2 Ke5 56.Be2 Be4 57.Bf1 Kd4 58.Ke1 Ke3 0-1

[Event "EU-chT Seniors 02nd"]
[Site "Dresden"]
[Date "2000.03.05"]
[Round "5.4"]
[White "Niedermayr, Horst"]
[Black "Zanger, Konrad"]
[Result "1-0"]
[WhiteElo "2208"]
[BlackElo "1715"]
[EventDate "2000.03.01"]
[PlyCount "99"]

1.e4 c5 2.Nf3 d6 3.d4 cxd4 4.Nxd4 Nc6 5.c4 g6 6.Nc3 Bg7 7.Be3 Nf6 8.Be2 
O-O 9.O-O Bd7 10.Rc1 b6 11.h3 Rc8 12.f4 Nxd4 13.Bxd4 Bc6 14.Bf3 Nd7 15.
Bxg7 Kxg7 16.Qd4+ Kg8 17.Bg4 Rb8 18.Bxd7 Qxd7 19.f5 Rbc8 20.f6 Rfe8 21.e5 
dxe5 22.Qxd7 Bxd7 23.Nd5 Bc6 24.Nxe7+ Rxe7 25.fxe7 Re8 26.c5 Be4 27.cxb6 
axb6 28.Rc7 f5 29.Rd1 Kf7 30.Rd8 Rxe7 31.Rxe7+ Kxe7 32.Rb8 Bb1 33.Rxb6 
Bxa2 34.Rb7+ Kd6 35.Rxh7 e4 36.Kf2 Ke5 37.g3 g5 38.Rg7 Kf6 39.Ra7 Bc4 40.
Ke3 Ke5 41.Ra5+ Kf6 42.b4 Bf1 43.h4 gxh4 44.gxh4 Kg6 45.Kf4 Kh5 46.Rxf5+ 
Kxh4 47.b5 Bd3 48.b6 e3 49.b7 Bxf5 50.b8=Q 1-0

[Event "EU-chT Seniors 02nd"]
[Site "Dresden"]
[Date "2000.03.02"]
[Round "2.3"]
[White "Remplbauer, Hans"]
[Black "Appelt, Gerd"]
[Result "1/2-1/2"]
[WhiteElo "1774"]
[BlackElo "2016"]
[EventDate "2000.03.01"]
[PlyCount "51"]

1.d4 Nf6 2.Nf3 e6 3.c3 b6 4.Bg5 Bb7 5.Nbd2 d5 6.Qc2 Nbd7 7.e3 Bd6 8.Bf4 
Bxf4 9.exf4 O-O 10.Bd3 c5 11.O-O Re8 12.Rfe1 Rc8 13.Qa4 c4 14.Bb1 g6 15.
Ne5 Qc7 16.Qd1 Nf8 17.g4 N6d7 18.Qf3 f6 19.Nxd7 Qxd7 20.Qg3 Qg7 21.Nf3 Nd7
22.Bc2 Re7 23.Re2 b5 24.Rae1 Rce8 25.g5 Bc8 26.h4 1/2-1/2

[Event "EU-chT Seniors 02nd"]
[Site "Dresden"]
[Date "2000.03.05"]
[Round "5.3"]
[White "Remplbauer, Hans"]
[Black "Husek, Alfred"]
[Result "0-1"]
[WhiteElo "1774"]
[BlackElo "1805"]
[EventDate "2000.03.01"]
[PlyCount "56"]

1.d4 d5 2.Nf3 Nc6 3.Bf4 Bg4 4.e3 e6 5.Nbd2 Bd6 6.Bxd6 Qxd6 7.Be2 Nf6 8.h3 
Bh5 9.O-O O-O 10.a3 e5 11.c3 Rfe8 12.Ne1 Bxe2 13.Qxe2 exd4 14.cxd4 Nxd4 
15.Qd3 Ne6 16.Rc1 Qb6 17.Nef3 Rad8 18.Nb3 c6 19.Rc2 Ne4 20.Rfc1 a6 21.Nbd4
Nxd4 22.Nxd4 Rd6 23.Qb3 Qc7 24.Ne2 Qe7 25.Nd4 Rg6 26.Nf3 Nd6 27.Qd3 Qf6 
28.Qd4 Qxf3 0-1

[Event "EU-chT Seniors 02nd"]
[Site "Dresden"]
[Date "2000.03.07"]
[Round "6.3"]
[White "Remplbauer, Hans"]
[Black "Schmidt, Gerhard"]
[Result "0-1"]
[WhiteElo "1774"]
[BlackElo "2226"]
[EventDate "2000.03.01"]
[PlyCount "24"]

1.d4 d5 2.Nf3 Nf6 3.Bf4 c6 4.h3 Qb6 5.b3 Bf5 6.e3 e6 7.Be2 Bb4+ 8.Nfd2 O-O
9.O-O Nbd7 10.c3 Be7 11.Nf3 c5 12.Nh4 Bxb1 0-1

[Event "EU-chT Seniors 02nd"]
[Site "Dresden"]
[Date "2000.03.25"]
[Round "1.2"]
[White "Rosen, Willy"]
[Black "Duemmke, Juergen"]
[Result "1-0"]
[WhiteElo "2305"]
[BlackElo "2035"]
[EventDate "2000.03.01"]
[PlyCount "41"]

1.e4 d5 2.exd5 Nf6 3.d4 Bg4 4.Nf3 Qxd5 5.Be2 Nc6 6.c4 Qd6 7.d5 Ne5 8.O-O 
Nxf3+ 9.Bxf3 h5 10.Nc3 a6 11.Be3 Bxf3 12.Qxf3 Ng4 13.Bf4 Qd7 14.Rad1 O-O-O
15.c5 g5 16.c6 Qf5 17.cxb7+ Kxb7 18.d6+ c6 19.Nd5 cxd5 20.Rxd5 Qxf4 21.
Rb5+ 1-0

[Event "EU-chT Seniors 02nd"]
[Site "Dresden"]
[Date "2000.03.04"]
[Round "4.2"]
[White "Rosen, Willy"]
[Black "Eis, Helko"]
[Result "1/2-1/2"]
[WhiteElo "2308"]
[BlackElo "2101"]
[EventDate "2000.03.01"]
[PlyCount "104"]

1.e4 d6 2.d4 Nf6 3.Nc3 c6 4.Nf3 g6 5.h3 Bg7 6.Be3 O-O 7.Qd2 b5 8.Bd3 b4 9.
Ne2 a5 10.a3 Na6 11.O-O c5 12.c3 cxd4 13.cxd4 Bb7 14.d5 Nc5 15.Bxc5 dxc5 
16.Rac1 Rc8 17.axb4 axb4 18.Qe3 Nd7 19.b3 Qa5 20.Rfd1 Ba6 21.e5 Bxd3 22.
Rxd3 Qc7 23.e6 Ne5 24.Nxe5 Qxe5 25.exf7+ Rxf7 26.Ng3 Rf4 27.Rxc5 Rxc5 28.
Qxc5 Qe1+ 29.Kh2 Rxf2 30.Re3 Qd2 31.Qc8+ Bf8 32.Qe6+ Kh8 33.Re2 Rxe2 34.
Nxe2 Qg5 35.Ng3 Qf4 36.Qe4 Qd6 37.Qe6 Qc7 38.h4 Qf4 39.Qe4 Qxe4 40.Nxe4 
Bg7 41.Kg3 Bb2 42.Kf4 Kg7 43.Ke3 h5 44.Kd3 g5 45.Kc4 gxh4 46.Kxb4 Kg6 47.
Kc4 Kf5 48.d6 exd6 49.Nxd6+ Kg4 50.b4 Ba3 51.Ne4 Bxb4 52.Kxb4 h3 1/2-1/2

[Event "EU-chT Seniors 02nd"]
[Site "Dresden"]
[Date "2000.03.01"]
[Round "1.1"]
[White "Rudnik, Heinz"]
[Black "Brandenberg, Karl Heinz"]
[Result "1/2-1/2"]
[WhiteElo "2100"]
[BlackElo "2177"]
[EventDate "2000.03.01"]
[PlyCount "53"]

1.e4 c5 2.Nc3 Nc6 3.f4 g6 4.Nf3 Bg7 5.g3 d6 6.Bg2 e6 7.O-O Nge7 8.d3 O-O 
9.Be3 Nd4 10.Qd2 Rb8 11.Rae1 Nec6 12.Nd1 Qa5 13.Qxa5 Nxa5 14.Rf2 Nxf3+ 15.
Bxf3 b6 16.Bc1 Nc6 17.c3 Ba6 18.Be3 Bxd3 19.Rd2 Bb5 20.Rxd6 Rfd8 21.Rxd8+ 
Rxd8 22.Nf2 Bc4 23.b3 Ba6 24.Rc1 e5 25.f5 f6 26.g4 g5 27.Kg2 1/2-1/2

[Event "EU-chT Seniors 02nd"]
[Site "Dresden"]
[Date "2000.03.05"]
[Round "5.1"]
[White "Rudnik, Heinz"]
[Black "Fronczek, Heinrich"]
[Result "1/2-1/2"]
[WhiteElo "2100"]
[BlackElo "2323"]
[EventDate "2000.03.01"]
[PlyCount "111"]

1.e4 c5 2.Nc3 e6 3.Nf3 a6 4.g3 b5 5.Bg2 Bb7 6.d3 d6 7.O-O Nf6 8.h3 Be7 9.
Be3 O-O 10.Qd2 Nbd7 11.Nh2 d5 12.exd5 exd5 13.d4 c4 14.a3 b4 15.axb4 Bxb4 
16.f3 Qb6 17.Ng4 Nxg4 18.hxg4 Bc6 19.Bf2 Rfe8 20.g5 Qb7 21.Bh3 Nb6 22.Kg2 
a5 23.Rh1 Bxc3 24.Qxc3 Na4 25.Qd2 Qxb2 26.Bf5 g6 27.Qf4 Qb8 28.Qh4 h5 29.
gxh6 Qd8 30.Bg4 Qxh4 31.gxh4 f5 32.Bh3 Re2 33.h5 Kh7 34.Kf1 Rae8 35.Rg1 
R2e6 36.hxg6+ Kxh6 37.g7 Rg6 38.Be3+ Kxg7 39.Kf2 Rxg1 40.Rxg1+ Kf6 41.Bg5+
Kf7 42.Bxf5 Nc3 43.Rh1 Rg8 44.Rh7+ Rg7 45.Rxg7+ Kxg7 46.Bd2 Kf6 47.Bh3 Nb5
48.Bxa5 Na3 49.c3 Nb5 50.Kg3 Be8 51.Kf4 Bc6 52.Bc8 Nd6 53.Bd8+ Kg7 54.Bg4 
Nb5 55.Bh5 Kf8 56.Ba5 1/2-1/2

[Event "EU-chT Seniors 02nd"]
[Site "Dresden"]
[Date "2000.03.07"]
[Round "6.1"]
[White "Rudnik, Heinz"]
[Black "Stavenhagen, Johannes"]
[Result "1-0"]
[WhiteElo "2100"]
[BlackElo "1904"]
[EventDate "2000.03.01"]
[PlyCount "76"]

1.e4 c5 2.Nf3 e6 3.d4 cxd4 4.Nxd4 a6 5.Be2 Qc7 6.O-O b5 7.Bf3 Bb7 8.Re1 
Nc6 9.Nc3 Bd6 10.g3 Be5 11.Be3 Nf6 12.Bg2 h5 13.f4 Bxd4 14.Bxd4 h4 15.Nd5 
Nxd5 16.exd5 Nxd4 17.Qxd4 hxg3 18.hxg3 O-O 19.c3 Bxd5 20.Bxd5 exd5 21.Re5 
Qa7 22.Rxd5 Rfd8 23.Rd1 Qxd4+ 24.R1xd4 Ra7 25.Rd6 Kf8 26.Kf2 a5 27.a3 Rb7 
28.g4 Ke7 29.Ra6 a4 30.Re4+ Kf8 31.Rd6 Rc8 32.Ke3 Rc5 33.Ra6 Rc8 34.g5 Rd8
35.Rd6 Rc8 36.f5 Re8 37.Kd3 Rxe4 38.Kxe4 Ke7 1-0

[Event "EU-chT Seniors 02nd"]
[Site "Dresden"]
[Date "2000.03.01"]
[Round "1.2"]
[White "Scheipl, Ralf"]
[Black "Hampel, Johannes"]
[Result "1-0"]
[WhiteElo "2270"]
[BlackElo "2043"]
[EventDate "2000.03.01"]
[PlyCount "76"]

1.c4 e6 2.Nf3 d5 3.e3 Nf6 4.Nc3 Be7 5.b3 O-O 6.Bb2 b6 7.d4 Bb7 8.Be2 Nbd7 
9.O-O c5 10.Qc2 Rc8 11.dxc5 dxc4 12.b4 bxc5 13.b5 a6 14.Bxc4 axb5 15.Nxb5 
Nd5 16.Rfd1 Bf6 17.Rab1 Nb4 18.Qe2 Be4 19.Bxf6 Qxf6 20.Rxb4 cxb4 21.Rxd7 
Rxc4 22.Qxc4 Qa1+ 23.Qf1 Qxf1+ 24.Kxf1 Bc6 25.Rd4 Bxb5+ 26.Ke1 Ra8 27.Rxb4
Bc6 28.a3 Kf8 29.Rb3 Ra4 30.Ke2 Ke7 31.Ne1 Rc4 32.Kd2 Kd6 33.f3 f5 34.Nd3 
Ra4 35.Nb2 Ra6 36.Rd3+ Kc5 37.Rc3+ Kd5 38.Nd3 Kd6 1-0

[Event "EU-chT Seniors 02nd"]
[Site "Dresden"]
[Date "2000.03.08"]
[Round "7.2"]
[White "Scheipl, Ralf"]
[Black "Koksch, Guenther"]
[Result "1-0"]
[WhiteElo "2270"]
[BlackElo "1962"]
[EventDate "2000.03.01"]
[PlyCount "41"]

1.c4 f5 2.e3 Nf6 3.Nc3 e6 4.g3 Be7 5.Bg2 O-O 6.Nge2 d6 7.O-O c6 8.b4 a5 9.
b5 d5 10.cxd5 cxd5 11.Bb2 Nbd7 12.Rc1 Nc5 13.d3 Bd7 14.Nd4 e5 15.Nb3 Nxb3 
16.Qxb3 Be6 17.e4 Bf7 18.Nxd5 Nxd5 19.exd5 Qd6 20.Rfe1 Qf6 21.Ba3 1-0

[Event "EU-chT Seniors 02nd"]
[Site "Dresden"]
[Date "2000.03.05"]
[Round "5.2"]
[White "Scheipl, Ralf"]
[Black "Mueller, Siegmar"]
[Result "1/2-1/2"]
[WhiteElo "2270"]
[BlackElo "1765"]
[EventDate "2000.03.01"]
[PlyCount "142"]

1.c4 b6 2.Nc3 Bb7 3.e4 e5 4.Nf3 Nc6 5.d4 exd4 6.Nxd4 Bb4 7.Nxc6 Bxc3+ 8.
bxc3 Bxc6 9.Bd3 Qh4 10.O-O Nf6 11.e5 Ne4 12.Qc2 Nc5 13.Ba3 Nxd3 14.Qxd3 
Qe4 15.Qxe4 Bxe4 16.c5 b5 17.Rad1 c6 18.Bc1 Bd5 19.a3 O-O 20.Bg5 Rfe8 21.
Rfe1 Re6 22.Bh4 Rae8 23.Bg3 f6 24.f4 fxe5 25.fxe5 Rf8 26.Rd4 Rf7 27.a4 a6 
28.Rb1 Re8 29.Rf1 Ref8 30.Rxf7 Rxf7 31.a5 Rf5 32.h4 Kf7 33.Bf4 Ke6 34.g4 
Rf8 35.Kf2 h6 36.h5 Rg8 37.Rd2 g5 38.hxg6 Rxg6 39.Kg3 h5 40.g5 Rg8 41.Kh4 
Kf5 42.Rf2 Be6 43.Be3+ Ke4 44.Bd4 Bf5 45.Rf1 Bg6 46.Rf6 b4 47.e6 b3 48.
exd7 b2 49.Rf1 Kd5 50.Bf6 b1=Q 51.Rxb1 Bxb1 52.Kxh5 Kxc5 53.d8=Q Rxd8 54.
Bxd8 Kc4 55.Bf6 Kb5 56.g6 Kxa5 57.Kh6 Ba2 58.Kh7 Bb1 59.Kh6 Bxg6 60.Kxg6 
Kb5 61.Kf5 Kc4 62.Ke4 a5 63.Ke3 a4 64.Kd2 Kb3 65.Kd3 c5 66.Be7 a3 67.c4 a2
68.Bf6 Ka3 69.Be5 Kb4 70.Ba1 Kb3 71.Bc3 Ka4 1/2-1/2

[Event "EU-chT Seniors 02nd"]
[Site "Dresden"]
[Date "2000.03.03"]
[Round "3.2"]
[White "Scheipl, Ralf"]
[Black "Rosen, Willy"]
[Result "1-0"]
[WhiteElo "2270"]
[BlackElo "2305"]
[EventDate "2000.03.01"]
[PlyCount "51"]

1.e4 c5 2.Nf3 Nc6 3.c3 Nf6 4.e5 Nd5 5.d4 cxd4 6.cxd4 d6 7.exd6 Qxd6 8.Nc3 
e6 9.Bc4 Be7 10.O-O O-O 11.Qe2 a6 12.Qe4 f5 13.Qe2 Bf6 14.Rd1 b5 15.Nxd5 
exd5 16.Bf4 Qd8 17.Bb3 Re8 18.Qc2 Nb4 19.Qc3 a5 20.a3 Na6 21.Qc6 Be6 22.
Re1 Bf7 23.Rxe8+ Qxe8 24.Bxd5 Bxd5 25.Qxd5+ Kh8 26.Re1 1-0

[Event "EU-chT Seniors 02nd"]
[Site "Dresden"]
[Date "2000.03.08"]
[Round "7.3"]
[White "Schmidt, Gerhard"]
[Black "Appelt, Gerd"]
[Result "1/2-1/2"]
[WhiteElo "2226"]
[BlackElo "2016"]
[EventDate "2000.03.01"]
[PlyCount "86"]

1.d4 Nf6 2.Nf3 b6 3.c4 e6 4.e3 Bb7 5.Bd3 Be7 6.Nc3 c5 7.O-O O-O 8.b3 d6 9.
Qe2 a6 10.Bb2 Nc6 11.Rac1 Ra7 12.Rfd1 Qb8 13.Bb1 Bc8 14.h3 Ne8 15.d5 Nd8 
16.dxe6 fxe6 17.Nh2 Nf6 18.Ne4 Nxe4 19.Bxe4 Bf6 20.Rc2 Bb7 21.Qd3 Bxe4 22.
Qxe4 Rd7 23.Bxf6 Rxf6 24.Rcd2 Qb7 25.Qxb7 Nxb7 26.Ng4 Rf8 27.e4 h5 28.Ne3 
Rdf7 29.f3 b5 30.cxb5 axb5 31.a4 bxa4 32.bxa4 Ra8 33.Ra2 Rd7 34.Nc4 Ra6 
35.a5 Rd8 36.Rb2 Rd7 37.Rb6 Nxa5 38.Rxa6 Nxc4 39.Rc6 Ra7 40.e5 d5 41.Rxc5 
Nxe5 42.Rc8+ Kf7 43.Rdc1 Nc4 1/2-1/2

[Event "EU-chT Seniors 02nd"]
[Site "Dresden"]
[Date "2000.03.03"]
[Round "3.3"]
[White "Schmidt, Gerhard"]
[Black "Klein, Klaus"]
[Result "1-0"]
[WhiteElo "2226"]
[BlackElo "1995"]
[EventDate "2000.03.01"]
[PlyCount "91"]

1.d4 Nf6 2.Nf3 g6 3.c4 Bg7 4.Nc3 O-O 5.Bg5 d6 6.e3 Nbd7 7.Be2 c6 8.O-O h6 
9.Bh4 g5 10.Bg3 Nh5 11.Qc2 Nxg3 12.hxg3 e5 13.Rfd1 Qc7 14.Rac1 f5 15.dxe5 
dxe5 16.b4 Nf6 17.c5 Be6 18.Rd6 e4 19.Rxe6 exf3 20.Bxf3 Nd7 21.Qb3 Kh8 22.
Rd1 Rae8 23.Rxe8 Rxe8 24.Qf7 Rf8 25.Qxd7 Qxd7 26.Rxd7 Bxc3 27.Rxb7 a5 28.
b5 cxb5 29.c6 b4 30.c7 Be5 31.Ra7 a4 32.Rxa4 Bxc7 33.Rxb4 Rb8 34.Bb7 Kg7 
35.Kf1 Kf6 36.Ke2 Ke7 37.a4 Rd8 38.Rb2 Ba5 39.Bc6 Kd6 40.Bb5 Kc7 41.Bd3 
Rd5 42.Rc2+ Kd7 43.Rc1 Re5 44.f4 Rd5 45.Rh1 gxf4 46.gxf4 1-0

[Event "EU-chT Seniors 02nd"]
[Site "Dresden"]
[Date "2000.03.05"]
[Round "5.3"]
[White "Schmidt, Gerhard"]
[Black "Kozlowski, Piotr"]
[Result "1/2-1/2"]
[WhiteElo "2226"]
[BlackElo "2000"]
[EventDate "2000.03.01"]
[PlyCount "51"]

1.d4 d5 2.Nf3 Nf6 3.c4 e6 4.Nc3 Be7 5.Bg5 Nbd7 6.e3 O-O 7.Qc2 c6 8.Rd1 Re8
9.Bd3 dxc4 10.Bxc4 Nd5 11.Bxe7 Qxe7 12.O-O Nxc3 13.Qxc3 b6 14.e4 Bb7 15.
Rfe1 Qf8 16.a3 Rac8 17.Qd3 Red8 18.b4 b5 19.Ba2 a6 20.Qc2 Qe7 21.Qc3 Kh8 
22.Rd2 e5 23.dxe5 c5 24.bxc5 Nxc5 25.Rxd8+ Qxd8 26.Qe3 1/2-1/2

[Event "EU-chT Seniors 02nd"]
[Site "Dresden"]
[Date "2000.03.02"]
[Round "2.2"]
[White "Starck, Bodo"]
[Black "Rosen, Willy"]
[Result "0-1"]
[WhiteElo "2260"]
[BlackElo "2305"]
[EventDate "2000.03.01"]
[PlyCount "71"]

1.d4 Nf6 2.c4 e6 3.Nc3 Bb4 4.Bg5 h6 5.Bh4 O-O 6.e3 d6 7.Bd3 Nbd7 8.Ne2 c5 
9.O-O cxd4 10.exd4 g5 11.Bg3 Nh5 12.Nb5 Nxg3 13.Nxg3 a6 14.Nc3 Bxc3 15.
bxc3 f5 16.f4 g4 17.Re1 Rf6 18.Qc2 Nf8 19.Re2 Bd7 20.Rae1 Rc8 21.d5 Rc5 
22.Re3 Qc8 23.Ne2 Ng6 24.dxe6 Bxe6 25.Nd4 Nxf4 26.Bf1 Bd7 27.Qf2 Ng6 28.
Bd3 Re5 29.g3 Kg7 30.Qb2 f4 31.Rxe5 Nxe5 32.Be4 f3 33.Kf2 Qxc4 34.Re3 b5 
35.Qd2 Qf7 36.Bd5 0-1

[Event "EU-chT Seniors 02nd"]
[Site "Dresden"]
[Date "2000.03.04"]
[Round "4.2"]
[White "Starck, Bodo"]
[Black "Scheipl, Ralf"]
[Result "1-0"]
[WhiteElo "2260"]
[BlackElo "2270"]
[EventDate "2000.03.01"]
[PlyCount "75"]

1.d4 d5 2.c4 c6 3.Nf3 Nf6 4.Nc3 g6 5.cxd5 cxd5 6.Bf4 Nc6 7.e3 Bg4 8.Qb3 
Na5 9.Bb5+ Bd7 10.Bxd7+ Qxd7 11.Qb5 Nc6 12.Ne5 Nxe5 13.Bxe5 Rd8 14.Bxf6 
Qxb5 15.Nxb5 exf6 16.Nxa7 Bd6 17.Nb5 Kd7 18.Nxd6 Kxd6 19.Kd2 f5 20.Rhc1 g5
21.Rc5 Rc8 22.Rac1 Rxc5 23.Rxc5 h5 24.a4 Re8 25.a5 f4 26.Rb5 Kc6 27.Rb6+ 
Kc7 28.Rf6 fxe3+ 29.fxe3 Re4 30.b4 Rg4 31.g3 h4 32.b5 hxg3 33.Rxf7+ Kc8 
34.hxg3 Rxg3 35.b6 Rg2+ 36.Kc3 Re2 37.Rf8+ Kd7 38.a6 1-0

[Event "EU-chT Seniors 02nd"]
[Site "Dresden"]
[Date "2000.03.07"]
[Round "6.2"]
[White "Starck, Bodo"]
[Black "Ziegler, Alfons"]
[Result "1/2-1/2"]
[WhiteElo "2261"]
[BlackElo "1911"]
[EventDate "2000.03.01"]
[PlyCount "46"]

1.d4 d5 2.c4 e6 3.Nc3 c6 4.Nf3 Nf6 5.Bg5 Nbd7 6.cxd5 exd5 7.e3 h6 8.Bh4 
Be7 9.Bd3 O-O 10.Qc2 Re8 11.O-O Ne4 12.Bxe7 Qxe7 13.Bxe4 dxe4 14.Nd2 f5 
15.Rfe1 Nf6 16.f3 Kh8 17.Nc4 g6 18.Ne5 Kg7 19.fxe4 fxe4 20.Rf1 Bf5 21.h3 
h5 22.Rf4 Nd7 23.Nxd7 Qxd7 1/2-1/2

[Event "EU-chT Seniors 02nd"]
[Site "Dresden"]
[Date "2000.03.05"]
[Round "5.1"]
[White "Stavenhagen, Johannes"]
[Black "Baumgartner, Heinz"]
[Result "0-1"]
[WhiteElo "1904"]
[BlackElo "2323"]
[EventDate "2000.03.01"]
[PlyCount "54"]

1.d4 d5 2.c4 e5 3.dxe5 d4 4.Nf3 Nc6 5.a3 a5 6.h3 Bf5 7.Bf4 Qd7 8.Nbd2 Bc5 
9.g4 Be6 10.Rc1 Nge7 11.Ne4 Ba7 12.Qd3 Ng6 13.Bg3 h5 14.gxh5 Rxh5 15.Neg5 
Bf5 16.e4 dxe3 17.Qxd7+ Bxd7 18.c5 Ngxe5 19.fxe3 Nxf3+ 20.Nxf3 Bxc5 21.
Bxc7 Rc8 22.Bf4 Ne7 23.Bc4 f6 24.h4 g5 25.Nxg5 fxg5 26.Bxg5 Nf5 27.O-O 
Rxg5+ 0-1

[Event "EU-chT Seniors 02nd"]
[Site "Dresden"]
[Date "2000.03.08"]
[Round "7.1"]
[White "Stavenhagen, Johannes"]
[Black "Bednarski, Jacek B"]
[Result "0-1"]
[WhiteElo "1904"]
[BlackElo "2250"]
[EventDate "2000.03.01"]
[PlyCount "78"]

1.d4 Nf6 2.Nc3 d5 3.Bf4 Bf5 4.e3 e6 5.Bd3 c6 6.Nge2 Bg6 7.Ng3 Nbd7 8.a3 
Be7 9.O-O O-O 10.b4 a5 11.b5 c5 12.Bxg6 hxg6 13.Bg5 Rc8 14.Nce2 cxd4 15.
exd4 a4 16.c3 Qa5 17.Rb1 Nb6 18.Bc1 Nc4 19.f4 Ra8 20.Rf3 Bxa3 21.h4 Bxc1 
22.Nxc1 Nd6 23.Qd3 Rfc8 24.Na2 Qd8 25.Ne2 Ra5 26.Rh3 Qb6 27.g4 Rxb5 28.Nb4
Nde4 29.h5 Nxg4 30.Rf1 gxh5 31.Rxh5 Ngf6 32.Rh4 Nxc3 33.Nxc3 Rxb4 34.f5 
exf5 35.Qh3 Kf8 36.Qxf5 Rxc3 37.Rh8+ Ke7 38.Re1+ Ne4 39.Qxd5 Qxd4+ 0-1

[Event "EU-chT Seniors 02nd"]
[Site "Dresden"]
[Date "2000.03.03"]
[Round "3.1"]
[White "Stavenhagen, Johannes"]
[Black "Eskandary, Jahja"]
[Result "0-1"]
[WhiteElo "1904"]
[BlackElo "2160"]
[EventDate "2000.03.01"]
[PlyCount "92"]

1.d4 d6 2.c4 Nd7 3.e4 e5 4.Nf3 Ne7 5.Nc3 Ng6 6.d5 Be7 7.g3 Nf6 8.h4 Bg4 9.
Be2 Qd7 10.Bg5 h5 11.Bxf6 Bxf6 12.Qa4 Qxa4 13.Nxa4 Bd7 14.Nc3 O-O-O 15.b4 
Be7 16.Ng5 Rdf8 17.Rf1 Bxg5 18.hxg5 h4 19.gxh4 Rxh4 20.O-O-O Nf4 21.Kd2 
Rh2 22.f3 Rfh8 23.Rg1 R8h5 24.c5 Nh3 25.Rg3 Rxg5 26.Rxg5 Nxg5 27.Ke3 Nh3 
28.Rc1 Kd8 29.Bf1 Nf4 30.Ne2 Bh3 31.Nxf4 exf4+ 32.Kd3 Rh1 33.Ke2 Ke7 34.
Rd1 Rh2+ 35.Kd3 Bxf1+ 36.Rxf1 Rxa2 37.Kc4 Ra3 38.Rf2 Kf6 39.Rf1 g5 40.Rf2 
Ke5 41.Rg2 f6 42.Rf2 a6 43.Rh2 b5+ 44.cxb6 cxb6 45.b5 axb5+ 46.Kxb5 Rxf3 
0-1

[Event "EU-chT Seniors 02nd"]
[Site "Dresden"]
[Date "2000.03.03"]
[Round "3.2"]
[White "Titz, Herbert"]
[Black "Hampel, Johannes"]
[Result "1-0"]
[WhiteElo "1995"]
[BlackElo "2043"]
[EventDate "2000.03.01"]
[PlyCount "137"]

1.e4 e6 2.d4 d5 3.Nd2 Nf6 4.e5 Nfd7 5.Bd3 c5 6.c3 Nc6 7.Ne2 Qb6 8.Nf3 cxd4
9.cxd4 f6 10.exf6 Nxf6 11.O-O Bd6 12.Re1 O-O 13.Bf4 Bb4 14.Bd2 Ne4 15.Bxb4
Nxb4 16.Bxe4 dxe4 17.Ne5 Nd3 18.Nxd3 exd3 19.Qxd3 e5 20.Qe3 exd4 21.Qxd4 
Qxd4 22.Nxd4 Rd8 23.Rad1 Kf7 24.f3 Bd7 25.Kf2 Rac8 26.Rc1 Ba4 27.Rxc8 Rxc8
28.Re2 Bd7 29.h3 g5 30.Kg3 Kf6 31.f4 h6 32.fxg5+ hxg5 33.Rf2+ Kg6 34.Nf3 
Re8 35.Rd2 Bc6 36.h4 Bxf3 37.gxf3 gxh4+ 38.Kxh4 Kf5 39.Kg3 Rg8+ 40.Kf2 Rg6
41.Rd5+ Kf4 42.Rb5 b6 43.Rb4+ Kf5 44.Ke3 Re6+ 45.Re4 Rc6 46.Kd3 a5 47.Rc4 
Rd6+ 48.Kc3 Re6 49.Kd3 Rd6+ 50.Rd4 Rc6 51.a4 Rc5 52.b4 axb4 53.Rxb4 Rd5+ 
54.Kc4 Rc5+ 55.Kd4 Kf4 56.Rb5 Rc6 57.Kd5 Rh6 58.Rb3 Rh5+ 59.Kc6 Ra5 60.
Rb4+ Kxf3 61.Kxb6 Ra8 62.Rh4 Rg8 63.Rc4 Rb8+ 64.Kc7 Ra8 65.Kb7 Ra5 66.Kb6 
Ra8 67.a5 Rb8+ 68.Kc7 Ra8 69.Ra4 1-0

[Event "EU-chT Seniors 02nd"]
[Site "Dresden"]
[Date "2000.03.05"]
[Round "5.2"]
[White "Titz, Herbert"]
[Black "Ziegler, Alfons"]
[Result "0-1"]
[WhiteElo "1995"]
[BlackElo "1911"]
[EventDate "2000.03.01"]
[PlyCount "70"]

1.e4 c5 2.Nf3 e6 3.d4 cxd4 4.c3 Nc6 5.Nxd4 Nf6 6.Bd3 Bc5 7.Nb3 Be7 8.Bf4 
d6 9.N1d2 a6 10.a4 O-O 11.a5 Nd7 12.O-O b5 13.axb6 Nxb6 14.Qe2 a5 15.Bb5 
Na7 16.Rxa5 Nxb5 17.Rxa8 Nxc3 18.bxc3 Nxa8 19.Ra1 Bd7 20.Qa6 Nc7 21.Qb6 
Nb5 22.Qe3 e5 23.Bg3 Bg5 24.Qd3 Qb6 25.c4 Bxd2 26.cxb5 Bb4 27.Ra6 Qb8 28.
Qe3 Rc8 29.h4 h6 30.b6 Rc3 31.b7 Qxb7 32.Qa7 Bc6 33.Na5 Qxa7 34.Rxa7 Bxe4 
35.f3 Bc5+ 0-1

[Event "EU-chT Seniors 02nd"]
[Site "Dresden"]
[Date "2000.03.05"]
[Round "5.1"]
[White "Uhlmann, Wolfgang"]
[Black "Bednarski, Jacek B"]
[Result "1-0"]
[WhiteElo "2480"]
[BlackElo "2250"]
[EventDate "2000.03.01"]
[PlyCount "61"]

1.c4 e5 2.Nc3 Bb4 3.Qc2 Na6 4.Nf3 f6 5.d4 d6 6.e3 c5 7.Be2 Ne7 8.O-O O-O 
9.Rd1 Bxc3 10.Qxc3 Qc7 11.b3 Bg4 12.Qd2 e4 13.Ne1 Bxe2 14.Qxe2 f5 15.Bb2 
Rae8 16.Rd2 Ng6 17.g3 cxd4 18.Rxd4 Re6 19.Rad1 Nc5 20.b4 Na4 21.c5 Nxb2 
22.Qxb2 Rd8 23.Qb3 Qf7 24.cxd6 Ne5 25.Rd5 h5 26.Rc1 h4 27.Rc7 Qf6 28.Rxb7 
Kh7 29.Qd1 Kg6 30.d7 h3 31.Rxa7 1-0

[Event "EU-chT Seniors 02nd"]
[Site "Dresden"]
[Date "2000.03.01"]
[Round "1.1"]
[White "Uhlmann, Wolfgang"]
[Black "Eskandary, Jahja"]
[Result "1-0"]
[WhiteElo "2482"]
[BlackElo "2160"]
[EventDate "2000.03.01"]
[PlyCount "109"]

1.c4 e5 2.Nc3 Nc6 3.Nf3 Bc5 4.e3 d6 5.d4 exd4 6.exd4 Bb6 7.Bg5 f6 8.Be3 a6
9.Qb3 Nge7 10.c5 Ba7 11.O-O-O d5 12.Bd3 b5 13.cxb6 cxb6 14.Rhe1 O-O 15.Bf4
Kh8 16.Qa3 Bb8 17.Bxb8 Rxb8 18.h3 Bb7 19.Re6 Qc7 20.Rde1 Ng6 21.Bxg6 Qf4+ 
22.R1e3 hxg6 23.Qd6 Qxd6 24.Rxd6 Rfd8 25.Ree6 Rbc8 26.Rxd8+ Rxd8 27.Na4 
Kg8 28.Nxb6 Nb4 29.Re7 Bc6 30.Rc7 Bb5 31.a4 Bf1 32.Ne1 Re8 33.Rc8 Rxc8+ 
34.Nxc8 Kf7 35.Kd2 Ke6 36.Kc3 a5 37.Na7 Kd6 38.h4 Ke6 39.Kd2 Kf5 40.Ke3 g5
41.hxg5 Kxg5 42.Nb5 Kf5 43.b3 Ke6 44.Na3 g5 45.g3 Kf5 46.Nec2 Nc6 47.Nb5 
Ke6 48.Kd2 Bg2 49.Kc3 Be4 50.Nba3 Kf5 51.b4 axb4+ 52.Nxb4 Ne7 53.a5 Kg4 
54.Kd2 Kf3 55.Ke1 1-0

[Event "EU-chT Seniors 02nd"]
[Site "Dresden"]
[Date "2000.03.03"]
[Round "3.1"]
[White "Uhlmann, Wolfgang"]
[Black "Fronczek, Heinrich"]
[Result "1-0"]
[WhiteElo "2480"]
[BlackElo "2320"]
[EventDate "2000.03.01"]
[PlyCount "81"]

1.c4 e5 2.Nc3 Nf6 3.Nf3 Nc6 4.g3 Nd4 5.e3 Nxf3+ 6.Qxf3 Bc5 7.Bg2 O-O 8.O-O
c6 9.Qd1 d6 10.d4 Bb4 11.Bd2 exd4 12.exd4 h6 13.Re1 Bxc3 14.Bxc3 d5 15.
cxd5 Nxd5 16.Qb3 Nb6 17.a4 Be6 18.Rxe6 fxe6 19.Qxe6+ Rf7 20.a5 Nd5 21.a6 
Qf6 22.axb7 Rb8 23.Qxf6 gxf6 24.Ra6 Nxc3 25.bxc3 Rfxb7 26.Bxc6 Rc7 27.d5 
Rb6 28.Ra1 Kf7 29.c4 Rbxc6 30.dxc6 Ke6 31.Kf1 Kd6 32.Ke2 Kxc6 33.Ra6+ Kc5 
34.Kd3 Rf7 35.Kc3 h5 36.Ra5+ Kb6 37.Rb5+ Kc6 38.Rxh5 f5 39.h4 a5 40.Rh6+ 
Kb7 41.h5 1-0